00353nam a2200133Ia 4500008004100000020001500041041001200056100001900068245005800087260003800145300000900183650001000192700001700202221030s9999 xx 000 0 und d a9352164752 aEnglish aS. Ramamrutham 0aTheory of Structurescby S. Ramamrutham, R. Narayanan bDhanpat Rai Pub.aNew Delhic2017 a1272 aCivil aR. Narayanan